00697nam a2200229 i 4500001000300000245012000003260004600123300002100169650002000190650003100210655001600241700003000257020001500287040000800302041001100310080001300321920001800334942000700352008004100359999001700400952005000417bg00aReklama i media w Polsce'99 =bAdversting and media in Poland'98 : media /c[zesp. red. Piotr R. Jankowski et al.]. aWarszawa :bMerkuriusz Polski,ccop.1999. a308 s. ;c29 cm. 9aReklamazPolska 9aSˁrodki masowego przekazu aInformatory1 aJANKOWSKI, Piotr J.eRed. a8391210812 cBPK aplben a659(058) a83-912108-1-2 cKS s pl f |000 0 pol  c36281d36281 00104071aBPKbBPKcmho50187p01430905yKS